AI-Driven Customer Service in Hungary Impact on Consumer Satisfaction

Bibliográfiai részletek
Szerző: Varga Laura Judit
További közreműködők: Benke Eszter Éva
Dokumentumtípus: Diplomadolgozat
Kulcsszavak:acceptance of AI
AI-powered services
customer satisfaction
hospitality industry
Hungary
Online Access:http://dolgozattar.uni-bge.hu/59580

MARC

LEADER 00000nta a2200000 i 4500
001 dolg59580
005 20260409145246.0
008 260409suuuu hu om 000 eng d
040 |a BGE Dolgozattár Repozitórium  |b hun 
041 |a en 
100 1 |a Varga Laura Judit 
245 1 0 |a AI-Driven Customer Service in Hungary  |b Impact on Consumer Satisfaction  |c Varga Laura Judit  |h [elektronikus dokumentum] 
520 3 |a This study investigates whether customers are willing to trust and use AI system in hospitality settings instead of interacting with human staff in Hungary. Although the hospitality industry is traditionally human-centric, it remains incertain to what extent cutsomers are prepared to accept AI-based services. The paper perticularly focuese on the emotional aspects of this interaction. The research questions guiding this inquiry have been formulated to provide a clear focus for the study. The research paper employs a survey-based quantitative research method. It will measure customer satisfaction and preferences and examine the broader impact of AI in the hospitality industry in Hungary. By systematically collecting and analyzing data this study seeks to undertsand customer attitudes toward AI-powered services. 
695 |a acceptance of AI 
695 |a AI-powered services 
695 |a customer satisfaction 
695 |a hospitality industry 
695 |a Hungary 
700 1 |a Benke Eszter Éva  |e ths 
856 4 0 |u http://dolgozattar.uni-bge.hu/59580/1/AI-driven%20Customer%20Service%20in%20Hungary%20Impact%20on%20Customer%20Satisfaction%20%285%29.pdf  |z Dokumentum-elérés 
856 4 0 |u http://dolgozattar.uni-bge.hu/59580/2/Thesis%20assessment%20Varga%20Laura%202025%20Spring.pdf  |z Dokumentum-elérés 
856 4 0 |u http://dolgozattar.uni-bge.hu/59580/3/Laura_Judit_Varga_2025_BSc_Opponent_Assessment%20Sheet.pdf  |z Dokumentum-elérés